000 00662nam a2200217Ia 4500
003 OSt
005 20221007071755.0
006 a|||||r|||| 00| 0
007 ta
008 221006b |||||||| |||| 00| 0 eng d
024 _a12,944
037 _cReports / Technical Reports
040 _aFLL
_cFLL
_beng
041 _2eng
_aeng
082 _aV3,2:3.N7t, L7
245 0 _aParliamentary commissioner for administrative on third report for session 1976-1977
260 _aLondon
_bHer Majesty's stationery office London
_c1977
300 _a223p
_ccm.
942 _hV3,2:3.N7t, L7
_cREP
_2CC
999 _c1144264
_d1144264